000 00781nam a2200217 a 4500
001 000048747
005 20201002061357.0
008 190411s2004 dr a 000 0 spa d
020 _a97898673534763003
040 _aDO-SdBNP
_bspa
_cBNPHU
082 _axxxx
_bR789
100 1 _aRosario, Martha
_976202
245 1 0 _aEn la mesa de todos :
_bMartha y lo de hoy /
_cMercedes María Rosario ; Antonio Taveras, Jualián Morillo, Héctor Bueno.
260 _aSanto Domingo :
_bEditora SRL,
_c[200-?].
300 _a299 p. :
_bil. ;
_c23 cm.
500 _aIncluye datos biográficos de la autora en las solapas
590 _aInventariado, 2019/LP
700 1 _aTaveras, Antonio,
_ecorr.
_976203
700 1 _aMorillo, Jualián,
_ecorr.
_976204
700 1 _aBueno, Héctor,
_ecorr.
_928207
999 _c48235
_d48235